[Event "Tournoi International du Pays de Charleroi 2018"]
[Site "Roux, Belgium"]
[Date "2018.08.02"]
[Round "7.15"]
[White "De Villers, Mourad"]
[Black "Henris, Luc"]
[Result "1/2-1/2"]
[BlackTitle "FM"]
[WhiteElo "2117"]
[BlackElo "2204"]

1. c4 {[%clk 01:30:54]} {[%emt 00:00:05]} e5 {[%clk 01:30:49]} {[%emt
00:00:11]} 2. g3 {[%clk 01:30:57]} {[%emt 00:00:27]} Nf6 {[%clk 01:30:42]}
{[%emt 00:00:38]} 3. Bg2 {[%clk 01:31:17]} {[%emt 00:00:09]} c6 {[%clk
01:31:06]} {[%emt 00:00:07]} 4. d4 {[%clk 01:31:06]} {[%emt 00:00:41]} Bb4+
{[%clk 01:31:27]} {[%emt 00:00:09]} 5. Bd2 {[%clk 01:29:32]} {[%emt 00:02:03]}
Bxd2+ {[%clk 01:31:49]} {[%emt 00:00:08]} 6. Qxd2 {[%clk 01:29:31]} {[%emt
00:00:31]} e4 {[%clk 01:32:15]} {[%emt 00:00:06]} 7. Nc3 {[%clk 01:18:17]}
{[%emt 00:11:43]} d5 {[%clk 01:32:18]} {[%emt 00:00:27]} 8. cxd5 {[%clk
01:16:36]} {[%emt 00:02:12]} cxd5 {[%clk 01:32:35]} {[%emt 00:00:14]} 9. f3
{[%clk 01:16:57]} {[%emt 00:00:08]} O-O {[%clk 01:29:04]} {[%emt 00:04:02]} 10.
fxe4 {[%clk 01:10:03]} {[%emt 00:07:23]} dxe4 {[%clk 01:28:59]} {[%emt
00:00:35]} 11. Nxe4 {[%clk 01:08:39]} {[%emt 00:01:54]} Nxe4 {[%clk 01:29:13]}
{[%emt 00:00:17]} 12. Bxe4 {[%clk 01:08:57]} {[%emt 00:00:11]} Re8 {[%clk
01:29:39]} {[%emt 00:00:04]} 13. Bc2 {[%clk 01:08:38]} {[%emt 00:00:48]} Qd5
{[%clk 01:19:46]} {[%emt 00:10:24]} 14. e4 {[%clk 00:57:35]} {[%emt 00:11:33]}
Bf5 {[%clk 01:17:54]} {[%emt 00:02:21]} 15. Ne2 {[%clk 00:38:55]} {[%emt
00:19:10]} Bxe4 {[%clk 01:17:16]} {[%emt 00:01:09]} 16. O-O {[%clk 00:39:10]}
{[%emt 00:00:14]} Bxc2 {[%clk 01:16:42]} {[%emt 00:01:05]} 17. Qxc2 {[%clk
00:39:14]} {[%emt 00:00:25]} Nc6 {[%clk 01:16:10]} {[%emt 00:01:04]} 18. Rf4
{[%clk 00:34:55]} {[%emt 00:04:47]} Rac8 {[%clk 01:00:50]} {[%emt 00:15:51]} 19.
Nc3 {[%clk 00:30:31]} {[%emt 00:04:54]} Nxd4 {[%clk 00:54:40]} {[%emt
00:06:41]} 20. Qf2 {[%clk 00:29:36]} {[%emt 00:01:25]} Ne2+ {[%clk 00:39:26]}
{[%emt 00:15:44]} 21. Nxe2 {[%clk 00:21:21]} {[%emt 00:08:44]} Rc2 {[%clk
00:38:33]} {[%emt 00:01:24]} 22. Nc3 {[%clk 00:21:32]} {[%emt 00:00:18]} Rxf2
{[%clk 00:38:36]} {[%emt 00:00:27]} 23. Nxd5 {[%clk 00:21:49]} {[%emt
00:00:13]} Rxb2 {[%clk 00:38:55]} {[%emt 00:00:11]} 24. Rf2 {[%clk 00:21:48]}
{[%emt 00:00:31]} Ree2 {[%clk 00:38:27]} {[%emt 00:00:58]} 25. Rxe2 {[%clk
00:21:42]} {[%emt 00:00:36]} Rxe2 {[%clk 00:38:49]} {[%emt 00:00:09]} 26. Nf4
{[%clk 00:22:02]} {[%emt 00:00:09]} Rb2 {[%clk 00:38:47]} {[%emt 00:00:32]} 27.
Re1 {[%clk 00:22:21]} {[%emt 00:00:08]} g5 {[%clk 00:38:49]} {[%emt 00:00:30]}
28. Nh5 {[%clk 00:15:41]} {[%emt 00:07:09]} Kf8 {[%clk 00:38:02]} {[%emt
00:01:17]} 29. Nf6 {[%clk 00:15:22]} {[%emt 00:00:49]} Kg7 {[%clk 00:38:12]}
{[%emt 00:00:21]} 30. Ne8+ {[%clk 00:13:30]} {[%emt 00:02:21]} Kf8 {[%clk
00:36:51]} {[%emt 00:01:51]} 31. Nd6 {[%clk 00:13:28]} {[%emt 00:00:32]} Rxa2
{[%clk 00:36:48]} {[%emt 00:00:34]} 32. Nxb7 {[%clk 00:12:35]} {[%emt
00:01:22]} Kg7 {[%clk 00:35:32]} {[%emt 00:01:45]} 33. Nd6 {[%clk 00:12:36]}
{[%emt 00:00:29]} Kg6 {[%clk 00:34:45]} {[%emt 00:01:18]} 34. Rf1 {[%clk
00:06:50]} {[%emt 00:06:14]} f6 {[%clk 00:34:14]} {[%emt 00:01:02]} 35. g4
{[%clk 00:06:36]} {[%emt 00:00:43]} Ra4 {[%clk 00:33:15]} {[%emt 00:01:30]} 36.
h3 {[%clk 00:06:30]} {[%emt 00:00:35]} h5 {[%clk 00:33:14]} {[%emt 00:00:31]}
37. gxh5+ {[%clk 00:04:03]} {[%emt 00:02:57]} Kxh5 {[%clk 00:33:25]} {[%emt
00:00:20]} 38. Rxf6 {[%clk 00:02:55]} {[%emt 00:01:38]} g4 {[%clk 00:32:17]}
{[%emt 00:01:37]} 1/2-1/2

[Event "Tournoi International du Pays de Charleroi 2018"]
[Site "Roux, Belgium"]
[Date "2018.08.02"]
[Round "7.9"]
[White "Sclacmender, Julien"]
[Black "Gitu, Paula-Alexandra"]
[Result "1-0"]
[BlackTitle "WFM"]
[WhiteElo "2245"]
[BlackElo "1990"]

1. e4 {[%clk 01:30:58]} {[%emt 00:00:02]} d5 {[%clk 01:30:55]} {[%emt
00:00:05]} 2. exd5 {[%clk 01:31:21]} {[%emt 00:00:07]} Qxd5 {[%clk 01:31:21]}
{[%emt 00:00:04]} 3. Nc3 {[%clk 01:31:17]} {[%emt 00:00:34]} Qd6 {[%clk
01:31:47]} {[%emt 00:00:04]} 4. d4 {[%clk 01:30:50]} {[%emt 00:00:57]} Nf6
{[%clk 01:32:12]} {[%emt 00:00:05]} 5. Nf3 {[%clk 01:28:55]} {[%emt 00:02:25]}
Bg4 {[%clk 01:31:18]} {[%emt 00:01:25]} 6. Be2 {[%clk 01:28:12]} {[%emt
00:01:13]} c6 {[%clk 01:30:50]} {[%emt 00:00:59]} 7. Bg5 {[%clk 01:22:05]}
{[%emt 00:06:37]} Nbd7 {[%clk 01:26:37]} {[%emt 00:04:43]} 8. Qd2 {[%clk
01:20:38]} {[%emt 00:01:56]} Bxf3 {[%clk 01:22:56]} {[%emt 00:04:11]} 9. Bxf3
{[%clk 01:18:14]} {[%emt 00:02:54]} e6 {[%clk 01:22:59]} {[%emt 00:00:27]} 10.
O-O {[%clk 01:14:18]} {[%emt 00:04:25]} Qc7 {[%clk 01:11:39]} {[%emt 00:11:51]}
11. Rad1 {[%clk 00:39:34]} {[%emt 00:35:14]} O-O-O {[%clk 00:48:49]} {[%emt
00:23:21]} 12. Ne4 {[%clk 00:29:56]} {[%emt 00:10:08]} h6 {[%clk 00:41:05]}
{[%emt 00:08:13]} 13. Bf4 {[%clk 00:28:31]} {[%emt 00:01:55]} Nxe4 {[%clk
00:40:37]} {[%emt 00:00:59]} 14. Bxe4 {[%clk 00:28:57]} {[%emt 00:00:04]} Bd6
{[%clk 00:41:01]} {[%emt 00:00:05]} 15. Bxd6 {[%clk 00:28:30]} {[%emt
00:00:57]} Qxd6 {[%clk 00:41:27]} {[%emt 00:00:05]} 16. Qa5 {[%clk 00:25:20]}
{[%emt 00:03:40]} Kb8 {[%clk 00:39:54]} {[%emt 00:02:03]} 17. c4 {[%clk
00:23:37]} {[%emt 00:02:12]} Nf6 {[%clk 00:34:36]} {[%emt 00:05:48]} 18. Bf3
{[%clk 00:23:29]} {[%emt 00:00:38]} h5 {[%clk 00:24:51]} {[%emt 00:10:15]} 19.
Rfe1 {[%clk 00:12:58]} {[%emt 00:11:01]} Qf4 {[%clk 00:03:59]} {[%emt
00:21:22]} 20. Qe5+ {[%clk 00:12:09]} {[%emt 00:01:19]} Qxe5 {[%clk 00:04:28]}
{[%emt 00:00:02]} 21. dxe5 {[%clk 00:12:34]} {[%emt 00:00:05]} Rxd1 {[%clk
00:03:53]} {[%emt 00:01:04]} 22. Rxd1 {[%clk 00:08:27]} {[%emt 00:04:37]} Ng4
{[%clk 00:04:07]} {[%emt 00:00:16]} 23. Bxg4 {[%clk 00:07:49]} {[%emt
00:01:09]} hxg4 {[%clk 00:04:36]} 24. Rd7 {[%clk 00:08:12]} {[%emt 00:00:07]}
Rh5 {[%clk 00:04:45]} {[%emt 00:00:21]} 25. Rxf7 {[%clk 00:08:16]} {[%emt
00:00:26]} Rxe5 {[%clk 00:05:10]} {[%emt 00:00:04]} 26. Kf1 {[%clk 00:08:35]}
{[%emt 00:00:11]} g5 {[%clk 00:05:12]} {[%emt 00:00:29]} 27. Rd7 {[%clk
00:06:36]} {[%emt 00:02:30]} Re4 {[%clk 00:03:44]} {[%emt 00:01:58]} 28. b3
{[%clk 00:04:46]} {[%emt 00:02:20]} a5 {[%clk 00:03:30]} {[%emt 00:00:43]} 29.
Rd3 {[%clk 00:04:07]} {[%emt 00:01:09]} Kc7 {[%clk 00:02:07]} {[%emt 00:01:53]}
30. Re3 {[%clk 00:02:47]} {[%emt 00:01:51]} Rxe3 {[%clk 00:01:09]} {[%emt
00:01:28]} 31. fxe3 {[%clk 00:03:14]} {[%emt 00:00:03]} Kd6 {[%clk 00:01:07]}
{[%emt 00:00:31]} 32. Kf2 {[%clk 00:03:42]} {[%emt 00:00:02]} Ke5 {[%clk
00:01:32]} {[%emt 00:00:05]} 33. Kg3 {[%clk 00:03:21]} {[%emt 00:00:51]} Kf5
{[%clk 00:00:39]} {[%emt 00:01:23]} 34. e4+ {[%clk 00:03:26]} {[%emt 00:00:26]}
Kxe4 {[%clk 00:01:04]} {[%emt 00:00:05]} 35. Kxg4 {[%clk 00:03:52]} {[%emt
00:00:04]} e5 {[%clk 00:01:04]} {[%emt 00:00:30]} 36. Kxg5 {[%clk 00:04:10]}
{[%emt 00:00:11]} Kd3 {[%clk 00:01:24]} {[%emt 00:00:11]} 37. h4 {[%clk
00:04:19]} {[%emt 00:00:21]} e4 {[%clk 00:01:51]} {[%emt 00:00:03]} 38. h5
{[%clk 00:04:43]} {[%emt 00:00:06]} e3 {[%clk 00:02:18]} {[%emt 00:00:03]} 39.
h6 {[%clk 00:05:10]} {[%emt 00:00:03]} e2 {[%clk 00:02:45]} {[%emt 00:00:02]}
40. h7 {[%clk 00:05:38]} {[%emt 00:00:03]} e1=Q {[%clk 00:03:12]} {[%emt
00:00:03]} 41. h8=Q {[%clk 00:05:50]} {[%emt 00:00:18]} Qg3+ {[%clk 00:25:11]}
{[%emt 00:08:30]} 42. Kf5 {[%clk 00:35:30]} {[%emt 00:00:51]} Qxg2 {[%clk
00:24:50]} {[%emt 00:00:51]} 43. Qd8+ {[%clk 00:35:56]} {[%emt 00:00:04]} Kc2
{[%clk 00:20:23]} {[%emt 00:04:58]} 44. Qxa5 {[%clk 00:36:09]} {[%emt
00:00:17]} Qf2+ {[%clk 00:15:03]} {[%emt 00:05:50]} 45. Ke6 {[%clk 00:36:06]}
{[%emt 00:00:33]} Kb1 {[%clk 00:14:48]} {[%emt 00:00:45]} 46. Qb4 {[%clk
00:29:17]} {[%emt 00:07:19]} b5 {[%clk 00:02:09]} {[%emt 00:13:09]} 47. a4
{[%clk 00:23:01]} {[%emt 00:06:46]} bxa4 {[%clk 00:00:38]} {[%emt 00:02:02]} 48.
bxa4+ {[%clk 00:22:56]} {[%emt 00:00:34]} Kc2 {[%clk 00:00:50]} {[%emt
00:00:17]} 49. c5 {[%clk 00:21:31]} {[%emt 00:01:56]} Qf8 {[%clk 00:00:36]}
{[%emt 00:00:45]} 50. Kd7 {[%clk 00:19:29]} {[%emt 00:02:31]} Qf7+ {[%clk
00:01:01]} {[%emt 00:00:05]} 51. Kd6 {[%clk 00:11:46]} {[%emt 00:08:13]} Qf8+
{[%clk 00:00:33]} {[%emt 00:00:58]} 52. Kc7 {[%clk 00:11:24]} {[%emt 00:00:52]}
Qe7+ {[%clk 00:00:35]} {[%emt 00:00:28]} 53. Kb8 {[%clk 00:04:42]} {[%emt
00:07:12]} Qd8+ {[%clk 00:00:59]} {[%emt 00:00:05]} 54. Kb7 {[%clk 00:04:57]}
{[%emt 00:00:16]} Qd7+ {[%clk 00:01:24]} {[%emt 00:00:06]} 55. Ka6 {[%clk
00:05:11]} {[%emt 00:00:16]} Qc8+ {[%clk 00:00:34]} {[%emt 00:01:20]} 56. Qb7
{[%clk 00:05:31]} {[%emt 00:00:10]} Qe6 {[%clk 00:00:49]} {[%emt 00:00:15]} 57.
Ka7 {[%clk 00:03:07]} {[%emt 00:02:55]} Qd5 {[%clk 00:00:43]} {[%emt 00:00:35]}
58. Qe7 {[%clk 00:02:48]} {[%emt 00:00:49]} Kb3 {[%clk 00:00:37]} {[%emt
00:00:36]} 59. a5 {[%clk 00:02:53]} {[%emt 00:00:25]} Kb4 {[%clk 00:00:35]}
{[%emt 00:00:32]} 60. a6 {[%clk 00:03:05]} {[%emt 00:00:18]} Ka5 {[%clk
00:00:31]} {[%emt 00:00:33]} 61. Qc7+ {[%clk 00:02:46]} {[%emt 00:00:49]} Ka4
{[%clk 00:00:48]} {[%emt 00:00:13]} 62. Qd6 {[%clk 00:01:57]} {[%emt 00:01:19]}
Qf7+ {[%clk 00:00:45]} {[%emt 00:00:34]} 63. Kb6 {[%clk 00:02:12]} {[%emt
00:00:16]} Qb3+ {[%clk 00:01:04]} {[%emt 00:00:11]} 64. Kxc6 {[%clk 00:01:59]}
{[%emt 00:00:43]} Qb5+ {[%clk 00:00:35]} {[%emt 00:00:59]} 65. Kc7 {[%clk
00:02:17]} {[%emt 00:00:12]} Qa5+ {[%clk 00:00:48]} {[%emt 00:00:17]} 66. Qb6
{[%clk 00:02:20]} {[%emt 00:00:27]} Qe1 {[%clk 00:01:06]} {[%emt 00:00:13]} 67.
Qc6+ {[%clk 00:02:20]} {[%emt 00:00:30]} Ka3 {[%clk 00:00:58]} {[%emt
00:00:38]} 68. Qd6 {[%clk 00:01:10]} {[%emt 00:01:39]} Qa5+ {[%clk 00:01:20]}
{[%emt 00:00:08]} 69. Qb6 {[%clk 00:01:19]} {[%emt 00:00:22]} Qe1 {[%clk
00:01:44]} {[%emt 00:00:06]} 70. Qd6 {[%clk 00:01:15]} {[%emt 00:00:34]} Qa5+
{[%clk 00:01:57]} {[%emt 00:00:18]} 71. Kb7 {[%clk 00:01:27]} {[%emt 00:00:18]}
Qb5+ {[%clk 00:01:13]} {[%emt 00:01:14]} 72. Ka7 {[%clk 00:01:36]} {[%emt
00:00:21]} Qb4 {[%clk 00:01:02]} {[%emt 00:00:41]} 73. Qb6 {[%clk 00:01:47]}
{[%emt 00:00:19]} Qe4 {[%clk 00:00:41]} {[%emt 00:00:51]} 74. c6 {[%clk
00:02:04]} {[%emt 00:00:13]} Qe7+ {[%clk 00:00:41]} {[%emt 00:00:30]} 75. c7
{[%clk 00:02:18]} {[%emt 00:00:17]} Qd7 {[%clk 00:00:46]} {[%emt 00:00:25]} 76.
Kb8 {[%clk 00:02:09]} {[%emt 00:00:38]} 1-0

[Event "Tournoi International du Pays de Charleroi 2018"]
[Site "Roux, Belgium"]
[Date "2018.08.02"]
[Round "7.30"]
[White "Van Uytven, Eric"]
[Black "Nair, Sanjeev"]
[Result "1/2-1/2"]
[WhiteElo "2046"]
[BlackElo "1942"]

1. d4 {[%clk 01:30:39]} {[%emt 00:00:19]} d6 {[%clk 01:30:01]} {[%emt
00:01:00]} 2. Nf3 {[%clk 01:30:33]} {[%emt 00:00:35]} Nf6 {[%clk 01:30:14]}
{[%emt 00:00:19]} 3. Bg5 {[%clk 01:29:32]} {[%emt 00:01:29]} Nbd7 {[%clk
01:29:43]} {[%emt 00:01:02]} 4. Nbd2 {[%clk 01:29:12]} {[%emt 00:00:50]} g6
{[%clk 01:22:09]} {[%emt 00:08:04]} 5. e4 {[%clk 01:23:57]} {[%emt 00:05:42]}
Bg7 {[%clk 01:20:04]} {[%emt 00:02:39]} 6. Bd3 {[%clk 01:14:38]} {[%emt
00:09:47]} O-O {[%clk 01:18:34]} {[%emt 00:02:01]} 7. O-O {[%clk 01:11:56]}
{[%emt 00:03:08]} c6 {[%clk 01:13:46]} {[%emt 00:05:21]} 8. h3 {[%clk
01:09:49]} {[%emt 00:02:36]} e5 {[%clk 01:10:53]} {[%emt 00:03:25]} 9. c3
{[%clk 01:07:35]} {[%emt 00:02:44]} Qc7 {[%clk 01:09:55]} {[%emt 00:01:27]} 10.
Re1 {[%clk 01:07:07]} {[%emt 00:00:58]} Re8 {[%clk 01:07:42]} {[%emt 00:02:43]}
11. Qc2 {[%clk 01:00:22]} {[%emt 00:07:16]} b6 {[%clk 00:55:47]} {[%emt
00:12:25]} 12. a4 {[%clk 00:54:42]} {[%emt 00:06:08]} h6 {[%clk 00:54:14]}
{[%emt 00:02:05]} 13. Be3 {[%clk 00:53:30]} {[%emt 00:01:40]} Bb7 {[%clk
00:46:15]} {[%emt 00:08:31]} 14. dxe5 {[%clk 00:32:08]} {[%emt 00:21:51]} dxe5
{[%clk 00:42:28]} {[%emt 00:04:18]} 15. a5 {[%clk 00:30:54]} {[%emt 00:01:43]}
Bf8 {[%clk 00:39:01]} {[%emt 00:03:58]} 16. a6 {[%clk 00:24:49]} {[%emt
00:06:34]} Bc8 {[%clk 00:39:02]} {[%emt 00:00:30]} 17. b4 {[%clk 00:24:38]}
{[%emt 00:00:39]} Nh5 {[%clk 00:34:19]} {[%emt 00:05:15]} 18. Qb3 {[%clk
00:17:05]} {[%emt 00:08:03]} Ndf6 {[%clk 00:26:42]} {[%emt 00:08:06]} 19. c4
{[%clk 00:15:30]} {[%emt 00:02:04]} Bd7 {[%clk 00:20:37]} {[%emt 00:06:36]} 20.
c5 {[%clk 00:13:11]} {[%emt 00:02:49]} b5 {[%clk 00:18:58]} {[%emt 00:02:10]}
21. Qc3 {[%clk 00:12:50]} {[%emt 00:00:49]} Rad8 {[%clk 00:16:50]} {[%emt
00:02:37]} 22. g4 {[%clk 00:08:41]} {[%emt 00:04:41]} Nxg4 {[%clk 00:11:53]}
{[%emt 00:05:28]} 23. hxg4 {[%clk 00:08:48]} {[%emt 00:00:22]} Bxg4 {[%clk
00:12:18]} {[%emt 00:00:05]} 24. Nh2 {[%clk 00:05:50]} {[%emt 00:03:27]} Qd7
{[%clk 00:09:01]} {[%emt 00:03:48]} 25. Bf1 {[%clk 00:05:50]} {[%emt 00:00:29]}
Nf4 {[%clk 00:08:57]} {[%emt 00:00:36]} 26. Ndf3 {[%clk 00:03:54]} {[%emt
00:02:25]} Bg7 {[%clk 00:07:21]} {[%emt 00:02:06]} 27. Kh1 {[%clk 00:02:12]}
{[%emt 00:02:12]} Bxf3 {[%clk 00:04:55]} {[%emt 00:02:56]} 28. Nxf3 {[%clk
00:02:36]} {[%emt 00:00:06]} Qg4 {[%clk 00:02:54]} {[%emt 00:02:31]} 29. Nh2
{[%clk 00:02:52]} {[%emt 00:00:14]} Qh4 {[%clk 00:02:42]} {[%emt 00:00:42]} 30.
Rad1 {[%clk 00:02:57]} {[%emt 00:00:24]} 1/2-1/2

[Event "Tournoi International du Pays de Charleroi 2018"]
[Site "Roux, Belgium"]
[Date "2018.08.02"]
[Round "7.14"]
[White "Vanderwaeren, Serge"]
[Black "Wiley, Tom"]
[Result "1/2-1/2"]
[WhiteTitle "FM"]
[WhiteElo "2145"]
[BlackElo "2207"]

1. Nf3 {[%clk 01:28:59]} {[%emt 00:01:59]} c5 {[%clk 01:30:56]} {[%emt
00:00:05]} 2. c4 {[%clk 01:29:03]} {[%emt 00:00:25]} Nc6 {[%clk 01:31:22]}
{[%emt 00:00:05]} 3. Nc3 {[%clk 01:29:17]} {[%emt 00:00:16]} Nd4 {[%clk
01:31:46]} {[%emt 00:00:07]} 4. Ng1 {[%clk 01:28:10]} {[%emt 00:01:35]} Nc6
{[%clk 01:31:46]} {[%emt 00:00:32]} 5. e3 {[%clk 01:27:48]} {[%emt 00:00:50]}
Nf6 {[%clk 01:31:20]} {[%emt 00:00:57]} 6. Nf3 {[%clk 01:27:27]} {[%emt
00:00:50]} g6 {[%clk 01:31:28]} {[%emt 00:00:23]} 7. d4 {[%clk 01:27:29]}
{[%emt 00:00:28]} cxd4 {[%clk 01:30:49]} {[%emt 00:01:09]} 8. exd4 {[%clk
01:27:50]} {[%emt 00:00:09]} d5 {[%clk 01:31:16]} {[%emt 00:00:03]} 9. Bg5
{[%clk 01:28:08]} {[%emt 00:00:11]} Be6 {[%clk 01:30:30]} {[%emt 00:01:17]} 10.
Bxf6 {[%clk 01:24:40]} {[%emt 00:03:57]} exf6 {[%clk 01:30:45]} {[%emt
00:00:16]} 11. c5 {[%clk 01:23:50]} {[%emt 00:01:20]} Bg7 {[%clk 01:29:53]}
{[%emt 00:01:22]} 12. Bb5 {[%clk 01:22:42]} {[%emt 00:01:38]} O-O {[%clk
01:29:57]} {[%emt 00:00:27]} 13. h3 {[%clk 01:22:54]} {[%emt 00:00:16]} Bf5
{[%clk 01:26:51]} {[%emt 00:03:38]} 14. O-O {[%clk 01:18:19]} {[%emt 00:05:04]}
Be4 {[%clk 01:24:20]} {[%emt 00:03:00]} 15. Nh2 {[%clk 01:18:10]} {[%emt
00:00:37]} Bf5 {[%clk 01:20:38]} {[%emt 00:04:16]} 16. Nf3 {[%clk 01:14:53]}
{[%emt 00:03:45]} Be4 {[%clk 01:16:24]} {[%emt 00:04:44]} 17. Nh2 {[%clk
01:15:13]} {[%emt 00:00:10]} Bf5 {[%clk 01:16:26]} {[%emt 00:00:29]} 18. Nf3
{[%clk 01:15:25]} {[%emt 00:00:18]} Be4 {[%clk 01:16:03]} {[%emt 00:00:52]} 19.
Nh2 {[%clk 01:15:41]} {[%emt 00:00:12]} Bf5 {[%clk 01:16:23]} {[%emt 00:00:14]}
20. Nf3 {[%emt 00:00:07]} 1/2-1/2

[Event "Tournoi International du Pays de Charleroi 2018"]
[Site "Roux, Belgium"]
[Date "2018.08.02"]
[Round "7.17"]
[White "Hafner, Christian"]
[Black "Van Mechelen, Jan"]
[Result "1/2-1/2"]
[BlackTitle "FM"]
[WhiteElo "2072"]
[BlackElo "2217"]

1. e4 {[%clk 01:30:55]} {[%emt 00:00:04]} e6 {[%clk 01:30:06]} {[%emt
00:00:54]} 2. d4 {[%clk 01:31:11]} {[%emt 00:00:14]} d5 {[%clk 01:30:29]}
{[%emt 00:00:08]} 3. Nc3 {[%clk 01:31:25]} {[%emt 00:00:15]} Nf6 {[%clk
01:29:58]} {[%emt 00:01:00]} 4. Bg5 {[%clk 01:30:27]} {[%emt 00:01:29]} Bb4
{[%clk 01:27:05]} {[%emt 00:03:24]} 5. e5 {[%clk 01:30:21]} {[%emt 00:00:35]}
h6 {[%clk 01:27:27]} {[%emt 00:00:08]} 6. Bd2 {[%clk 01:30:36]} {[%emt
00:00:14]} Bxc3 {[%clk 01:27:45]} {[%emt 00:00:13]} 7. bxc3 {[%clk 01:30:59]}
{[%emt 00:00:07]} Ne4 {[%clk 01:28:06]} {[%emt 00:00:09]} 8. Qg4 {[%clk
01:30:44]} {[%emt 00:00:45]} Kf8 {[%clk 01:28:26]} {[%emt 00:00:09]} 9. h4
{[%clk 01:29:55]} {[%emt 00:01:20]} c5 {[%clk 01:27:43]} {[%emt 00:01:13]} 10.
Qf4 {[%clk 01:16:39]} {[%emt 00:13:46]} Nxd2 {[%clk 01:18:25]} {[%emt
00:09:48]} 11. Qxd2 {[%clk 01:16:45]} {[%emt 00:00:25]} Qa5 {[%clk 01:14:08]}
{[%emt 00:04:47]} 12. Rh3 {[%clk 01:11:00]} {[%emt 00:06:14]} Nc6 {[%clk
01:10:29]} {[%emt 00:04:09]} 13. Nf3 {[%clk 01:05:15]} {[%emt 00:06:15]} cxd4
{[%clk 01:00:57]} {[%emt 00:10:02]} 14. cxd4 {[%clk 01:05:12]} {[%emt
00:00:34]} Qxd2+ {[%clk 01:01:00]} {[%emt 00:00:27]} 15. Kxd2 {[%clk 01:05:31]}
{[%emt 00:00:11]} Bd7 {[%clk 01:00:45]} {[%emt 00:00:44]} 16. Rb1 {[%clk
00:56:48]} {[%emt 00:09:14]} Na5 {[%clk 00:59:34]} {[%emt 00:01:40]} 17. Ne1
{[%clk 00:54:40]} {[%emt 00:02:39]} Rc8 {[%clk 00:59:09]} {[%emt 00:00:54]} 18.
Rc3 {[%clk 00:54:04]} {[%emt 00:01:06]} Ke7 {[%clk 00:58:12]} {[%emt 00:01:27]}
19. f4 {[%clk 00:54:00]} {[%emt 00:00:34]} Rxc3 {[%clk 00:57:42]} {[%emt
00:01:02]} 20. Kxc3 {[%clk 00:54:22]} {[%emt 00:00:06]} Rc8+ {[%clk 00:58:04]}
{[%emt 00:00:09]} 21. Kd2 {[%clk 00:54:07]} {[%emt 00:00:45]} b6 {[%clk
00:58:14]} {[%emt 00:00:20]} 22. g3 {[%clk 00:54:00]} {[%emt 00:00:37]} Nc4+
{[%clk 00:57:12]} {[%emt 00:01:32]} 23. Bxc4 {[%clk 00:54:16]} {[%emt
00:00:14]} Rxc4 {[%clk 00:57:37]} {[%emt 00:00:05]} 24. c3 {[%clk 00:54:26]}
{[%emt 00:00:20]} Ra4 {[%clk 00:57:45]} {[%emt 00:00:22]} 25. Rb2 {[%clk
00:54:41]} {[%emt 00:00:15]} Bc8 {[%clk 00:57:50]} {[%emt 00:00:25]} 26. Nc2
{[%clk 00:49:49]} {[%emt 00:05:22]} Ba6 {[%clk 00:57:54]} {[%emt 00:00:26]} 27.
Ne3 {[%clk 00:50:07]} {[%emt 00:00:11]} Bc4 {[%clk 00:54:47]} {[%emt 00:03:37]}
1/2-1/2